<?xml version="1.0" encoding="UTF-8"?>
<record
    xmlns:xsi="http://www.w3.org/2001/XMLSchema-instance"
    xsi:schemaLocation="http://www.loc.gov/MARC21/slim http://www.loc.gov/standards/marcxml/schema/MARC21slim.xsd"
    xmlns="http://www.loc.gov/MARC21/slim">

  <leader>02566Cam#a2200445#a#4500</leader>
  <controlfield tag="005">20220224182319.0</controlfield>
  <controlfield tag="008">160307s2012    ag abdoj#f   #000|0#spa#d</controlfield>
  <datafield tag="020" ind1=" " ind2=" ">
    <subfield code="a">9789501304756</subfield>
  </datafield>
  <datafield tag="040" ind1=" " ind2=" ">
    <subfield code="a">AR-BeUNQ</subfield>
    <subfield code="b">spa</subfield>
  </datafield>
  <datafield tag="082" ind1="0" ind2="4">
    <subfield code="a">907</subfield>
    <subfield code="2">21</subfield>
  </datafield>
  <datafield tag="245" ind1="0" ind2="0">
    <subfield code="a">Ciencias sociales /  </subfield>
    <subfield code="c">autor&#xED;a, Laura Dalterio... [et al.] ; edici&#xF3;n, Marta J&#xFC;rgensen, Mar&#xED;a Leticia Piacenza.</subfield>
  </datafield>
  <datafield tag="250" ind1=" " ind2=" ">
    <subfield code="a">1a. ed., 2a. reimpr.</subfield>
  </datafield>
  <datafield tag="260" ind1=" " ind2=" ">
    <subfield code="a">Buenos Aires : </subfield>
    <subfield code="b">Kapelusz, </subfield>
    <subfield code="c">c2012.</subfield>
  </datafield>
  <datafield tag="300" ind1=" " ind2=" ">
    <subfield code="a">272 p. : </subfield>
    <subfield code="b">il., fot., mapas, gr&#xE1;ficos ; </subfield>
    <subfield code="c">27 cm + </subfield>
    <subfield code="e">1 cuaderno de actividades</subfield>
  </datafield>
  <datafield tag="490" ind1="1" ind2=" ">
    <subfield code="a">Contextos digitales</subfield>
  </datafield>
  <datafield tag="500" ind1=" " ind2=" ">
    <subfield code="a">Material complementario: cuaderno de actividades "Ciencias sociales".</subfield>
  </datafield>
  <datafield tag="505" ind1="0" ind2=" ">
    <subfield code="a">La geograf&#xED;a, una ciencia para interpretar el mundo -- El planeta tierra -- Los recursos naturales y los problemas ambientales -- La poblaci&#xF3;n mundial -- La econom&#xED;a en el mundo actual -- La historia, un recorrido a trav&#xE9;s del tiempo -- Las primeras sociedades humanas -- Las primeras sociedades urbanas y las grandes civilizaciones americanas -- El cercano oriente: peque&#xF1;os estados y grandes imperios -- Los griegos: desde los or&#xED;genes hasta la expansi&#xF3;n helen&#xED;stica -- Roma, desde los or&#xED;genes hasta el fin del imperio -- Las sociedades medievales -- La vida en sociedad y las normas</subfield>
  </datafield>
  <datafield tag="650" ind1=" " ind2="7">
    <subfield code="a">Ciencias sociales</subfield>
    <subfield code="2">toit</subfield>
  </datafield>
  <datafield tag="650" ind1=" " ind2="7">
    <subfield code="a">Historia</subfield>
    <subfield code="2">spines</subfield>
  </datafield>
  <datafield tag="650" ind1=" " ind2="7">
    <subfield code="a">Prehistoria</subfield>
    <subfield code="2">spines</subfield>
  </datafield>
  <datafield tag="650" ind1=" " ind2="7">
    <subfield code="a">Historia antigua</subfield>
    <subfield code="2">spines</subfield>
  </datafield>
  <datafield tag="650" ind1=" " ind2="7">
    <subfield code="a">Historia medieval</subfield>
    <subfield code="2">spines</subfield>
  </datafield>
  <datafield tag="650" ind1=" " ind2="7">
    <subfield code="a">Geograf&#xED;a</subfield>
    <subfield code="2">spines</subfield>
  </datafield>
  <datafield tag="650" ind1=" " ind2="7">
    <subfield code="a">Geograf&#xED;a pol&#xED;tica</subfield>
    <subfield code="2">spines</subfield>
  </datafield>
  <datafield tag="650" ind1=" " ind2="7">
    <subfield code="a">Geograf&#xED;a f&#xED;sica</subfield>
    <subfield code="2">spines</subfield>
  </datafield>
  <datafield tag="650" ind1=" " ind2="7">
    <subfield code="a">Econom&#xED;a</subfield>
    <subfield code="2">spines</subfield>
  </datafield>
  <datafield tag="650" ind1=" " ind2="7">
    <subfield code="a">Demograf&#xED;a</subfield>
    <subfield code="2">spines</subfield>
  </datafield>
  <datafield tag="650" ind1=" " ind2="7">
    <subfield code="a">Manuales</subfield>
    <subfield code="2">spines</subfield>
  </datafield>
  <datafield tag="650" ind1=" " ind2="7">
    <subfield code="a">Ense&#xF1;anza media</subfield>
    <subfield code="2">spines</subfield>
  </datafield>
  <datafield tag="700" ind1="1" ind2=" ">
    <subfield code="a">Dalterio, Laura, </subfield>
    <subfield code="e">autora.</subfield>
    <subfield code="4">aut</subfield>
  </datafield>
  <datafield tag="700" ind1="1" ind2=" ">
    <subfield code="a">J&#xFC;rgensen, Marta, </subfield>
    <subfield code="e">editora.</subfield>
    <subfield code="4">edt</subfield>
  </datafield>
  <datafield tag="700" ind1="1" ind2=" ">
    <subfield code="a">Piacenza, Mar&#xED;a Leticia, </subfield>
    <subfield code="e">editora</subfield>
    <subfield code="4">edt</subfield>
  </datafield>
  <datafield tag="830" ind1=" " ind2="0">
    <subfield code="a">Contextos digitales (Kapeluz).</subfield>
  </datafield>
  <datafield tag="929" ind1=" " ind2=" ">
    <subfield code="a">COMPRA</subfield>
    <subfield code="b">El Monje Libros</subfield>
    <subfield code="c">Compra 2015 Exp. 827-2158/15</subfield>
    <subfield code="d">225,00 (obra completa)</subfield>
    <subfield code="e">20151229</subfield>
    <subfield code="f">PAT0062396</subfield>
    <subfield code="j">54210</subfield>
  </datafield>
  <datafield tag="929" ind1=" " ind2=" ">
    <subfield code="a">COMPRA</subfield>
    <subfield code="b">El Monje Libros</subfield>
    <subfield code="c">Compra 2015 Exp. 827-2158/15</subfield>
    <subfield code="d">225,00 (obra completa)</subfield>
    <subfield code="e">20151229</subfield>
    <subfield code="f">PAT0063044</subfield>
    <subfield code="j">54762</subfield>
  </datafield>
  <datafield tag="929" ind1=" " ind2=" ">
    <subfield code="a">COMPRA</subfield>
    <subfield code="b">El Monje Libros</subfield>
    <subfield code="c">Compra 2015 Exp. 827-2158/15</subfield>
    <subfield code="d">225,00 (obra completa)</subfield>
    <subfield code="e">20151229</subfield>
    <subfield code="f">PAT0063045</subfield>
    <subfield code="j">54763</subfield>
  </datafield>
  <datafield tag="929" ind1=" " ind2=" ">
    <subfield code="a">COMPRA</subfield>
    <subfield code="b">El Monje Libros</subfield>
    <subfield code="c">Compra 2015 Exp. 827-2158/15</subfield>
    <subfield code="d">225,00 (obra completa)</subfield>
    <subfield code="e">20151229</subfield>
    <subfield code="f">PAT0063046</subfield>
    <subfield code="j">54764</subfield>
  </datafield>
  <datafield tag="929" ind1=" " ind2=" ">
    <subfield code="a">COMPRA</subfield>
    <subfield code="b">El Monje Libros</subfield>
    <subfield code="c">Compra 2015 Exp. 827-2158/15</subfield>
    <subfield code="d">225,00 (obra completa)</subfield>
    <subfield code="e">20151229</subfield>
    <subfield code="f">PAT0063047</subfield>
    <subfield code="j">54765</subfield>
  </datafield>
  <datafield tag="942" ind1=" " ind2=" ">
    <subfield code="c">LIB</subfield>
    <subfield code="n">0</subfield>
  </datafield>
  <datafield tag="999" ind1=" " ind2=" ">
    <subfield code="c">101</subfield>
    <subfield code="d">101</subfield>
  </datafield>
  <datafield tag="952" ind1=" " ind2=" ">
    <subfield code="0">0</subfield>
    <subfield code="1">0</subfield>
    <subfield code="a">BIBESET</subfield>
    <subfield code="b">BIBESET</subfield>
    <subfield code="c">circulacion</subfield>
    <subfield code="d">2016-06-02</subfield>
    <subfield code="l">0</subfield>
    <subfield code="o">907 CIE</subfield>
    <subfield code="p">54210</subfield>
    <subfield code="r">2016-06-02</subfield>
    <subfield code="t">1</subfield>
    <subfield code="w">2022-02-24</subfield>
    <subfield code="y">LIB</subfield>
    <subfield code="k">CMG</subfield>
  </datafield>
  <datafield tag="952" ind1=" " ind2=" ">
    <subfield code="0">0</subfield>
    <subfield code="1">0</subfield>
    <subfield code="a">BIBESET</subfield>
    <subfield code="b">BIBESET</subfield>
    <subfield code="c">circulacion</subfield>
    <subfield code="d">2016-07-20</subfield>
    <subfield code="l">0</subfield>
    <subfield code="o">907 CIE</subfield>
    <subfield code="p">54762</subfield>
    <subfield code="r">2016-07-20</subfield>
    <subfield code="t">2</subfield>
    <subfield code="w">2022-02-24</subfield>
    <subfield code="y">LIB</subfield>
    <subfield code="k">CG</subfield>
  </datafield>
  <datafield tag="952" ind1=" " ind2=" ">
    <subfield code="0">0</subfield>
    <subfield code="1">0</subfield>
    <subfield code="a">BIBESET</subfield>
    <subfield code="b">BIBESET</subfield>
    <subfield code="c">circulacion</subfield>
    <subfield code="d">2016-07-20</subfield>
    <subfield code="l">0</subfield>
    <subfield code="o">907 CIE</subfield>
    <subfield code="p">54763</subfield>
    <subfield code="r">2016-07-20</subfield>
    <subfield code="t">3</subfield>
    <subfield code="w">2022-02-24</subfield>
    <subfield code="y">LIB</subfield>
    <subfield code="k">CG</subfield>
  </datafield>
  <datafield tag="952" ind1=" " ind2=" ">
    <subfield code="0">0</subfield>
    <subfield code="1">0</subfield>
    <subfield code="a">BIBESET</subfield>
    <subfield code="b">BIBESET</subfield>
    <subfield code="c">circulacion</subfield>
    <subfield code="d">2016-07-20</subfield>
    <subfield code="l">0</subfield>
    <subfield code="o">907 CIE</subfield>
    <subfield code="p">54764</subfield>
    <subfield code="r">2016-07-20</subfield>
    <subfield code="t">4</subfield>
    <subfield code="w">2022-02-24</subfield>
    <subfield code="y">LIB</subfield>
    <subfield code="k">CG</subfield>
  </datafield>
  <datafield tag="952" ind1=" " ind2=" ">
    <subfield code="0">0</subfield>
    <subfield code="1">0</subfield>
    <subfield code="a">BIBESET</subfield>
    <subfield code="b">BIBESET</subfield>
    <subfield code="c">circulacion</subfield>
    <subfield code="d">2016-07-20</subfield>
    <subfield code="l">0</subfield>
    <subfield code="o">907 CIE</subfield>
    <subfield code="p">54765</subfield>
    <subfield code="r">2016-07-20</subfield>
    <subfield code="t">5</subfield>
    <subfield code="w">2022-02-24</subfield>
    <subfield code="y">LIB</subfield>
    <subfield code="k">CG</subfield>
  </datafield>
</record>
